Normal view
MARC view
- فراي،إدوارد تأليف/الطائي،هادي مترجم/مظفر،مي مراجعة
Entry Personal Name
001 - CONTROL NUMBER
- control field: 13966
003 - CONTROL NUMBER IDENTIFIER
- control field: JO-AjAnu
005 - DATE AND TIME OF LATEST TRANSACTION
- control field: 20230606072531.0
008 - FIXED-LENGTH DATA ELEMENTS
- fixed length control field: 230606|| aca||aabn | a|a d
040 ## - CATALOGING SOURCE
- Original cataloging agency: JO-AjAnu
- Transcribing agency: JO-AjAnu
100 ## - HEADING--PERSONAL NAME
- Personal name: فراي،إدوارد تأليف/الطائي،هادي مترجم/مظفر،مي مراجعة
670 ## - SOURCE DATA FOUND
- Source citation: Work cat.: (JO-AjAnu)7180: فراي،إدوارد تأليف/الطائي،هادي مترجم/مظفر،مي مراجعة, author, التكعيبية